[Event "Budapest FS02 IM-A"]
[Site "Budapest"]
[Date "2008.02.05"]
[Round "4"]
[White "Burghardt, Jozsef"]
[Black "Schneider, Veronika"]
[Result "0-1"]
[WhiteElo "2185"]
[BlackElo "2250"]
[PlyCount "80"]
[EventDate "2008.02.02"]
[EventType "tourn"]
[EventRounds "11"]
[EventCountry "HUN"]
[EventCategory "2"]
[SourceTitle "CBM 122 Extra"]
[Source "ChessBase"]
[SourceDate "2008.03.04"]
[SourceVersion "1"]
[SourceVersionDate "2008.03.04"]
[SourceQuality "1"]

1. e4 c5 2. Nf3 e6 3. b4 cxb4 4. d4 Nf6 5. Bd3 b6 6. 0-0 Bb7 7. Re1 Be7 8. a3 d5 9. e5 Ne4 10. Nfd2 Nxd2 11. Nxd2 Ba6 12. Qg4 g6 13. Nf3 Bxd3 14. cxd3 h5 15. Qf4 Nc6 16. h4 b5 17. a4 bxa4 18. Rxa4 Qb6 19. Be3 Qb5 20. Raa1 a5 21. Rec1 b3 22. Rc5 Bxc5 23. dxc5 Qxd3 24. Ng5 Qf5 25. Qa4 0-0 26. Bc1 Nxe5 27. Qxb3 d4 28. f3 Nd3 29. Ba3 Rab8 30. Qc4 Nb4 31. Ne4 e5 32. Bc1 Qe6 33. Qe2 Nd5 34. Qd2 Ne3 35. Qf2 Rb3 36. Qg3 Qf5 37. c6 Nc4 38. Nc5 Rb1 39. Rxb1 Qxb1 40. Qg5 Ne3 0-1

[Event "HUN-chT2 Breyer 0708"]
[Site "Hungary"]
[Date "2007.11.11"]
[Round "2"]
[White "Burghardt, Jozsef"]
[Black "Horeczky, Tibor"]
[Result "1/2-1/2"]
[WhiteElo "2198"]
[BlackElo "2307"]
[PlyCount "97"]
[EventDate "2007.10.14"]
[EventType "team"]
[EventRounds "11"]
[EventCountry "HUN"]
[SourceTitle "EXT 2009"]
[Source "ChessBase"]
[SourceDate "2008.11.26"]
[SourceVersion "1"]
[SourceVersionDate "2008.11.26"]
[SourceQuality "1"]
[WhiteTeam "Esztergom"]
[BlackTeam "Vertesi Eromu"]
[WhiteTeamCountry "HUN"]
[BlackTeamCountry "HUN"]

1. e4 c5 2. Nf3 d6 3. d4 cxd4 4. c3 dxc3 5. Nxc3 Nc6 6. Bc4 e6 7. 0-0 Nf6 8. Qe2 Be7 9. Rd1 e5 10. Be3 Bg4 11. h3 Bxf3 12. Qxf3 0-0 13. a3 Rc8 14. Ba2 a6 15. Ne2 Na5 16. Ng3 Nc4 17. Bg5 b5 18. Nf5 Kh8 19. Rac1 Rc6 20. b3 Na5 21. Rxc6 Nxc6 22. Bxf6 Bxf6 23. b4 Nd4 24. Nxd4 exd4 25. Qf4 Be5 26. Qd2 Qh4 27. Bb1 g5 28. Qe2 h5 29. Qf1 g4 30. g3 Qf6 31. h4 Rc8 32. Rc1 Rc3 33. Rxc3 dxc3 34. Qd3 Bd4 35. Qe2 Qe5 36. Kg2 f5 37. Qd3 fxe4 38. Qxe4 Qxe4+ 39. Bxe4 Kg7 40. f3 gxf3+ 41. Kxf3 Kf6 42. Ke2 Ke5 43. Bb7 Bf2 44. Bxa6 Bxg3 45. Bxb5 Kd4 46. Be8 Bxh4 47. Kd1 Kd3 48. Bg6+ Kc4 49. Kc2 1/2-1/2